00842cam a2200253 a 450000100090000000300050000900500170001400800410003101000170007202000150008903500230010404000220012704200140014905000220016308200160018510000180020124500370021926000400025630000210029644000680031765000410038585600750042685600870050113275590NUST20240402133821.0030715s2003 mau 000 0 eng d a 2003272150 a0072536322 a(OCoLC)ocm51250773 aSITPLcSITPLdDLC alccopycat00aHG4026b.D46 200300a658.15bDEM1 aDeMello, Jim.10aCases in finance /cJim DeMello. aBoston :bMcGraw-Hill/Irwin,c2003. a150 p. ;c23 cm. 0aMcGraw-Hill/Irwin series in finance, insurance, and real estate 0aCorporationsxFinancevCase studies.413Table of contentsuhttp://www.loc.gov/catdir/toc/mh041/2003272150.html423Publisher descriptionuhttp://www.loc.gov/catdir/description/mh041/2003272150.html